Zufällige Länder 6# - Statistiken

Allgemein
  • Dieses Quiz wurde 56 mal gespielt
  • Das Durchschnittsergebnis liegt bei 12 aus 15
Antworten auf der Karte
Die Antworten werden auf der Karte rot bzw. grün angezeigt, abhängig davon wie oft sie richtig erraten wurden.
 
Antwortstatistiken
Antwort % Korrekt
Jemen
92%
Sambia
89%
Nordkorea
86%
Uganda
86%
Algerien
83%
Bosnien u. H.
83%
Südkorea
83%
Armenien
78%
Eritrea
78%
Zypern
78%
Palau
72%
Russland
69%
Uruguay
69%
Vereinigte Arabische Emirate
67%
Salomonen
64%
Keine übereinstimmenden Quizze gefunden
Verteilung der Resultate
Anzahl Personen mit jedem Resultat
Perzentil nach korrekt beantworteten Fragen
Ihre Resultats-Entwicklung
Sie haben dieses Quiz noch nicht gespielt